000 00414nam a22001577a 4500
005 20180707123506.0
008 160624b xxu||||| |||| 00| 0 eng d
041 _aeng
082 _b9590
_a658.15
100 _aMukherjee, Sushil and Chandra, Pradeep Kumar
_92672
245 _aProfile of Financial Management
260 _bB.B. Kendra Grandsons
_c2008
300 _a527
650 _aManagement
_9241
942 _cBK
999 _c3850
_d3849